Mr George Robins's book of selected advertisements with some occasional paragraphs commencing in the year 1815 (Record no. 114843)
[ view plain ]
| 000 -LEADER | |
|---|---|
| fixed length control field | 00662cam a22001935a 4500 |
| 001 - CONTROL NUMBER | |
| control field | L157571 |
| 008 - FIXED-LENGTH DATA ELEMENTS--GENERAL INFORMATION | |
| fixed length control field | 130123s1815 xxk f 000 0 eng d |
| 035 ## - SYSTEM CONTROL NUMBER | |
| System control number | (Sirsi) u157571 |
| 041 0# - LANGUAGE CODE | |
| Language code of text/sound track or separate title | eng |
| 100 1# - MAIN ENTRY--PERSONAL NAME | |
| Personal name | Robins, George Henry |
| Dates associated with a name | 1778-1847 |
| 245 00 - TITLE STATEMENT | |
| Title | Mr George Robins's book of selected advertisements with some occasional paragraphs commencing in the year 1815 |
| 260 ## - PUBLICATION, DISTRIBUTION, ETC. | |
| Date of publication, distribution, etc. | 1815 |
| 300 ## - PHYSICAL DESCRIPTION | |
| Extent | 1 v. |
| 520 ## - SUMMARY, ETC. | |
| Summary, etc. | A scrapbook of newspaper advertisments relating to property auctions held by George Robins. |
| 583 ## - ACTION NOTE | |
| Action | Condition reviewed |
| Time/date of action | 20120620 |
| Status | condition level 4 |
| 651 #4 - SUBJECT ADDED ENTRY--GEOGRAPHIC NAME | |
| Geographic name | Great Britain |
| Chronological subdivision | 1707- |
| 690 ## - LOCAL SUBJECT ADDED ENTRY--TOPICAL TERM (OCLC, RLIN) | |
| Topical term or geographic name as entry element | Auctioneering |
| 9 (RLIN) | 6218 |
| 942 ## - ADDED ENTRY ELEMENTS (KOHA) | |
| Suppress in OPAC | 0 |
| Withdrawn status | Lost status | Source of classification or shelving scheme | Damaged status | Not for loan | Home library | Current library | Shelving location | Date acquired | Total Checkouts | Full call number | Barcode | Date last seen | Copy number | Price effective from | Koha item type |
|---|---|---|---|---|---|---|---|---|---|---|---|---|---|---|---|
| Dewey Decimal Classification | Historic collection | Historic collection | Historic collection | 23/01/2013 | FOLIO 1815 ROBINS | 30078722 | 06/08/2019 | 1 | 06/08/2019 | Book |